El arte de comunicar bien en el siglo XXI (Registro nro. 9070)
[ vista simple ]
| 000 -Cabecera | |
|---|---|
| Campo de control de longitud fija | 01008ntm a22003977a 4500 |
| 005 - Fecha y hora de la última transacción | |
| Campo de control | 20251010135822.0 |
| 008 - Elementos de longitud fija--Información general | |
| Campo de control de longitud fija | 170317b2013 xxu||||| |||| 00| 0 spa d |
| 020 ## - International Standard Book Number | |
| Número Internacional Estándar del Libro (ISBN) | 9788415505457 |
| 041 ## - Idioma | |
| Código de idioma | Español |
| 082 ## - Clasificación Decimal Dewey | |
| Número de clasificación | 302.224.2 C314c |
| 100 ## - Entrada principal--Autor personal | |
| Nombre personal | Carrera Felipe |
| 245 ## - Título propiamente dicho | |
| Título | El arte de comunicar bien en el siglo XXI |
| 260 ## - Pie de imprenta | |
| Lugar de publicación, distribución, etc. | España |
| 260 ## - Pie de imprenta | |
| Nombre del editor, distribuidor, etc. | Profit |
| 260 ## - Pie de imprenta | |
| Fecha de publicación, distribución, etc. | 2013 |
| 300 ## - Descripción física | |
| Extensión | 180 páginas |
| 490 ## - Serie | |
| Título de la Serie | Temática General |
| 650 ## - Materia general | |
| Temática (materia general) | COMUNICACIÓN ORAL |
| 650 ## - Materia general | |
| Temática (materia general) | LA ESENCIA DE LA COMUNICACIÓN |
| 650 ## - Materia general | |
| Temática (materia general) | COMUNICACIÓN PRESENCIAL |
| 650 ## - Materia general | |
| Temática (materia general) | LENGUAJE VERBAL |
| 650 ## - Materia general | |
| Temática (materia general) | LENGUAJE NO VERBAL |
| 650 ## - Materia general | |
| Temática (materia general) | EQUIPOS DE APOYO |
| 650 ## - Materia general | |
| Temática (materia general) | COMUNICACIÓN MULTIMEDIA |
| 650 ## - Materia general | |
| Temática (materia general) | SKYPE |
| 650 ## - Materia general | |
| Temática (materia general) | VIDEOCONFERENCIA |
| 650 ## - Materia general | |
| Temática (materia general) | COMUNICACIÓN AUDIO |
| 650 ## - Materia general | |
| Temática (materia general) | COMUNICACIÓN ESCRITA |
| 650 ## - Materia general | |
| Temática (materia general) | TELEVISIÓN |
| 650 ## - Materia general | |
| Temática (materia general) | RADIO |
| 650 ## - Materia general | |
| Temática (materia general) | AUDIOCONFERENCIA |
| 650 ## - Materia general | |
| Temática (materia general) | |
| 650 ## - Materia general | |
| Temática (materia general) | VIDEOS |
| 650 ## - Materia general | |
| Temática (materia general) | FEEDBACK |
| 942 ## - Punto de acceso adicional KOHA | |
| Tipo de ítem KOHA | Libro |
| Fuente del sistema de clasificación o colocación | Dewey Decimal Classification |
| Signatura completa | Código de barras | Programa Académico | Tipo de ítem |
|---|---|---|---|
| 302.224.2 C314c | 21728 | Temática General | Libro |